German articles #2 (animals) - Statistics

General Stats
  • This quiz has been taken 37 times
  • The average score is 13 of 18
Answer Stats
Article Noun % Correct
das Krokodil
100%
der Tiger
100%
der Elch
100%
der Bison
100%
der Panter
100%
die Katze
100%
die Schnecke
100%
die Ratte
100%
die Wespe
100%
die Hyäne
100%
das Schwein
88%
der Igel
86%
die Ziege
83%
die Ameise
83%
das Pferd
80%
der Hund
80%
der Elefant
80%
der Maulwurf
80%
der Fuchs
80%
die Kröte
80%
die Biene
80%
das Flusspferd
75%
der Löwe
75%
der Affe
75%
die Hornisse
75%
der Hirsch
71%
die Kuh
71%
die Amöbe
71%
der Panda
70%
das Rentier
67%
das Känguru
67%
der Luchs
67%
der Bär
67%
die Fledermaus
67%
die Schlange
67%
die Mücke
67%
die Schildkröte
67%
das Eichhörnchen
60%
der Frosch
60%
der Koala
60%
der Waschbär
57%
die Spinne
57%
das Schaf
50%
das Lama
50%
der Regenwurm
50%
die Maus
50%
die Giraffe
50%
der Wolf
40%
der Kartoffelkäfer
40%
die Fliege
40%
das Wiesel
33%
der Schmetterling
29%
das Kamel
20%
der Marienkäfer
0%
No matching quizzes found
Score Distribution
Percent of People with Each Score
Percentile by Number Answered
Your Score History
You have not taken this quiz